00869nam a2200253 i 4500001001000000003000900010005001700019007000300036008004100039020001800080040003000098082002300128100004000151245011500191264008300306300004500389336002700434337003300461338002800494490001900522650001600541700003100557700002700588000028646DO-SdBNP20240624113756.0ta110411s2010 dr a 000 0 spa d a9789945003758 aDO-SdBNPbspacBNPHUerda 4a617.643bG216m2221 aGarcía-Godoy, Federico M.,d1949-10aManual de ortodoncia clínica /cFederico García Godoy ; Johanna Castellanos Nouel ; Pedro A. Ricart Reyes. aSanto Domingo :bAsociación Iberoamericana de Odontología Familiar,c2010. a194 páginas :bilustraciones ;c22 cm. 2rdacontentatextobtxt 2rdamediaasin mediaciónbn 2rdacarrieravolumenbnc aDENTARIUMRDv1 4aOrtodoncia 1 aCastellanos Nouel, Johanna1 aRicart Reyes, Pedro A.